LDR 00969naa#a2200253#i#450# 001 EN\\bibl\119505 005 20260414175908.2 011 ## _a2782-1900 100 ## _a20260324b2026####ek#y0engy0150####ca 101 0# _aENG 102 ## _aRU 200 1# _aIn silico profiling of 3,4-dihydro-1H-[1,4]oxazino[4,3-a]benzimidazole derivatives: prediction of cytotoxic properties and ADME profile _eJournal article 210 1# _aYaroslavl _cYaroslavl State Technical University _d2026 215 ## _a8 с. 608 ## _aJournal article _2local 675 ## _aВзаимосвязь между химическим составом и действием. 615.015.11 _zENG 700 #1 _aAleksandrova _gYuliya Romanovna 700 #1 _aKucherenko _gMaria Viktorovna 700 #1 _aShagina _gInna Aleksandrovna 700 #1 _aSavina _gLuisa Ilyinichna 700 #1 _aBegunov _gRoman Sergeevich 700 #1 _aZubishina _gAlla Alexandrovna 700 #1 _aNeganova _gMargarita Evgen'evna 856 4# _achemintech.ru _u